000 00405cam a22001451 4500
040 _cOTU
082 _a510 GIN 1935 A063 Or.
100 1 _aMilne, William Edmund,
245 0 0 _aIntroductory college mathematics,
260 _aBoston,
_aNew York [etc.]
_bGinn and company
_c[c1935]
300 _axiv, 383, ii, 64 p.
_bdiagrs.
_c24 cm.
650 0 _aMathematics.
700 1 _aDavis, David Roy,
942 _cEK
999 _c15230
_d15230